00346 2200157 4500245003000000020002000030250001100050100001600061650001600077005001900093260003000112041001400142084000800156300001500164336000900179 aSaipehcYuni AstutihText a978-602-255-083 aCet. 1 aYuni Astuti aNovel Fiksi a20230117084859 aYogyakartabPing!!!c2013 aIndonesia a813 a199 hlm. : atext